000 00550nam a2200181Ia 4500
008 090123s9999 xx 000 0 und d
082 _b2139
100 _aकुलकर्णी भिवराव
245 _aस्त्रीफळा
250 _a1
260 _bकुलकर्णी अ.अ.
300 _a155
600 _aकुलकर्णी भिवराव
630 _aस्त्रीफळा
700 _aकुलकर्णी भिवराव
730 _aस्त्रीफळा
942 _cBOOK
999 _c40223
_d40223